Electrical installations: (Record no. 30826)
[ view plain ]
| 000 -LEADER | |
|---|---|
| fixed length control field | 00631nam a22001577a 4500 |
| 008 - FIXED-LENGTH DATA ELEMENTS--GENERAL INFORMATION | |
| fixed length control field | 201008b ||||| |||| 00| 0 eng d |
| 020 ## - INTERNATIONAL STANDARD BOOK NUMBER | |
| International Standard Book Number | 9781510432246 |
| 050 ## - LIBRARY OF CONGRESS CALL NUMBER | |
| Classification number | TK 3271 .T36 2018 |
| 100 ## - MAIN ENTRY--PERSONAL NAME | |
| Personal name | Tanner, Peter, |
| 245 ## - TITLE STATEMENT | |
| Title | Electrical installations: |
| Remainder of title | Book 1 for the level 3 apprenticeship. Book 1 for the level 3 apprenticeship and level 2 technical certificate / |
| Statement of responsibility, etc. | Peter Tanner. |
| 260 ## - PUBLICATION, DISTRIBUTION, ETC. (IMPRINT) | |
| Place of publication, distribution, etc. | London : |
| Name of publisher, distributor, etc. | Hodder Education, |
| Date of publication, distribution, etc. | 2018. |
| 300 ## - PHYSICAL DESCRIPTION | |
| Extent | vii, 441 pages : |
| Other physical details | color illustrations ; |
| Dimensions | 28 cm |
| 500 ## - GENERAL NOTE | |
| General note | Includes index |
| 650 ## - SUBJECT ADDED ENTRY--TOPICAL TERM | |
| Topical term or geographic name as entry element | Electric wiring, Interior |
| 942 ## - ADDED ENTRY ELEMENTS (KOHA) | |
| Source of classification or shelving scheme | |
| Koha item type | Hard Covered Materials |
| Classification part | TK 3271 .T36 2018 |
| Withdrawn status | Lost status | Source of classification or shelving scheme | Damaged status | Not for loan | Home library | Current library | Shelving location | Date acquired | Source of acquisition | Cost, normal purchase price | Total Checkouts | Full call number | Barcode | Date last seen | Price effective from | Koha item type |
|---|---|---|---|---|---|---|---|---|---|---|---|---|---|---|---|---|
| MACHAKOS UNIVERSITY LIBRARY | MACHAKOS UNIVERSITY LIBRARY | Open shelf | 07/10/2020 | Donation -Educate Yourself | 3250.00 | TK 3271 .T36 2018 | 23278 | 25/06/2021 | 07/10/2020 | Hard Covered Materials | ||||||
| MACHAKOS UNIVERSITY LIBRARY | MACHAKOS UNIVERSITY LIBRARY | Open shelf | 08/10/2020 | Corporate Campus | 3780.00 | TK 3271 .T36 2018 | 23356 | 08/10/2020 | 08/10/2020 | Hard Covered Materials |